ბათუმის შოთა რუსთაველის სახელმწიფო უნივერსიტეტის ბიბლიოთეკა

ყველაფერი და არაფერი : (სულის ბიოგრაფია) : ლიტერატურული ცდა : (ბიბ.ჩანაწერი № 54711)

000 -ლიდერი
ფიქსირებული სიგრძის საკონტროლო ველი 01813nam a2200301Ia 4500
001 - საკონტროლო ნომერი
საკონტროლო ველი 21778
003 - საკონტროლო ნომრის იდენტიფიკატორი
საკონტროლო ველი GE_BSU
005 - ბოლო ოპერაციის თარიღი და დრო
საკონტროლო ველი 20220408161134.0
008 - ფიქსირებული სიგრძის მონაცემთა ელემენტები - ზოგადი ინფორმაცია
ფიქსირებული სიგრძის საკონტროლო ველი 181216s ||||ge |||||||||||||| ||geo||
020 ## - წიგნის საერთაშორისო სტანდარტული ნომერი
International Standard Book Number ISBN:978-9941-9244-7-7 შ-18
040 ## - კატალოგიზაციის წყარო
Transcribing agency GE_BSU
080 ## - უნივერსალური ათობითი კლასიფიკაციის ინდექსი
Universal Decimal Classification number 821.353.1.092(გორგილაძე, ზ.) შ-18
100 ## - მთავარი ჩანაწერი - პიროვნების სახელი
Personal name შაინიძე, ჟუჟუნა
9 (RLIN) 9131
245 ## - ცნობა სათაურის შესახებ
Title ყველაფერი და არაფერი : (სულის ბიოგრაფია) : ლიტერატურული ცდა :
Remainder of title [მონოგრაფია პოეტ ზურაბ გორგილაძეზე] /
Statement of responsibility, etc ჟუჟუნა შაინიძე ; რედაქტორი მაია ჯალიაშვილი.
264 ## - წარმოების, გამოცემის, დისტრიბუციის და სხვა ცნობები
გამოცემის, წარმოების, დისტრიბუციის... ადგილი ბათუმი :
გამოცემის, წარმოების, დისტრიბუციის... სახელწოდება ლაზარე,
გამოცემის, წარმოების, დისტრიბუციის... თარიღი 2016.
300 ## - ფიზიკური აღწერა
Extent 316 გვ. :
Other physical details ფოტ. ;
Dimensions 21 სმ.
500 ## - ზოგადი შენიშვნა
General note წიგნი იბეჭდება ქობულეთის მუნიციპალიტეტის მხარდაჭერით
501 ## - შენიშვნა თანმხლებ მასალაზე
With note შენიშვნები გვ. : 278-302
504 ## - BIBLIOGRAPHY, ETC. NOTE
Bibliography, etc ბიბლიოგრაფია გვ. : 303-312
520 ## - SUMMARY, ETC.
Summary, etc რეზიუმე ინგლისურ ენაზე.
520 ## - SUMMARY, ETC.
Summary, etc რეზიუმე ინგლისურ ენაზე. შენიშვნები: გვ. 278-302.
653 ## - INDEX TERM--UNCONTROLLED
Uncontrolled term ქართული ლიტერატურის ისტორია და კრიტიკა
653 ## - INDEX TERM--UNCONTROLLED
Uncontrolled term ქართველი მწერლები
653 ## - INDEX TERM--UNCONTROLLED
Uncontrolled term ყველაფერი და არაფერი
700 ## - ADDED ENTRY--PERSONAL NAME
Relator code
Personal name ჯალიაშვილი, მაია
Relator term რედაქტორი
9 (RLIN) 13652
942 ## - ADDED ENTRY ELEMENTS (KOHA)
Koha item type წიგნი
Source of classification or shelving scheme
ეგზემპლარები
ჩამოწერის სტატუსი დაკარგული ეგზემპლარის სტატუსი კლასიფიკაციის წყარო ან თაროზე გაწყობის სქემა დაზიანების სტატუსი არ გაიცემა მუდმივი მდებარეობა (დაცვის ადგილი) ამჟამინდელი ადგილსამყოფელი თაროზე განთავსების ადგილი შეძენის თარიღი ღირებულება, შესყიდვის ნორმალური ფასი სრული შენახვის შიფრი შტრიხკოდი ბოლო ოპერაციის თარიღი ეგზემპლარის მიმდევრობითი ნომერი (კეტერი?) ფასის ძალაში შესვლის თარიღი ეგზემპლარის სახეობა საჯარო შენიშვნა
          ბათუმის შოთა რუსთაველის სახელმწიფო უნივერსიტეტის მთავარი ბიბლიოთეკა ბათუმის შოთა რუსთაველის სახელმწიფო უნივერსიტეტის მთავარი ბიბლიოთეკა წიგნსაცავი 2018-12-17 5.00 821.353.1.092(გორგილაძე, ზ.) შ-18 56107 2018-12-17 56107 2018-12-17 წიგნი 5.00 ₾.